| 000 | 00517nam a22001937a 4500 | ||
|---|---|---|---|
| 003 | OSt | ||
| 005 | 20231016111121.0 | ||
| 008 | 141106b xxu||||| |||| 00| 0 eng d | ||
| 020 | _a0723421927 | ||
| 040 | _cDNLM | ||
| 082 | _aQZ18 S47p 1995 | ||
| 100 |
_aStevens, Alan; Lowe, James;Gillian Kirk _9289 |
||
| 245 |
_aPathology : _bPicture Tests |
||
| 260 |
_aLondon; _bMosby, _c1995. |
||
| 300 |
_a128 p: _bcol. ill ; _c26 cm. |
||
| 504 | _aincludes Questions and Answers | ||
| 650 |
_aPathology _937 |
||
| 942 |
_2z _cSLOAN |
||
| 999 |
_c711 _d711 |
||